| 000 | 00577nam a2200181 4500 | ||
|---|---|---|---|
| 001 | 117919 | ||
| 003 | ES-MaACL | ||
| 005 | 20230906191008.0 | ||
| 007 | t| | ||
| 008 | 070214s1946 mx r ||||1| spa d | ||
| 100 | 1 |
_aPeixoto, Afranio. _990012 |
|
| 245 | 1 | 0 |
_aPequeña historia de las Américas / _cAfranio Peixoto ; traducción y notas de Pedro González-Blanco. |
| 260 |
_aMéxico : _bAndrés Botas, _c1946. |
||
| 300 |
_a343 p. ; _c20 cm. |
||
| 700 | 1 |
_aGonzález-Blanco, Pedro, _d1879-1961 _958466 |
|
| 852 |
_aES-MaACL _jE-500 _bR.28556 |
||
| 999 |
_c117919 _d117919 |
||